000 00579nam a2200217Ia 4500
003 OSt
005 20220928135901.0
006 a|||||r|||| 00| 0
007 ta
008 220927b |||||||| |||| 00| 0 eng d
024 _a5353
037 _cTextual
040 _aSDCL
_cSDCL
_beng
041 _2eng
_aeng
082 _aO-,2J64:g, K93
100 _aMurray Patrick
_9493089
245 0 _aShakespearian scene
_b Some twentieth century perspectives.
260 _c1969
942 _hO-,2J64:g, K93
_cTEXL
_2CC
999 _c808820
_d808820